| 000 | 00778nam a2200277Ia 4500 | ||
|---|---|---|---|
| 003 | OSt | ||
| 005 | 20230405150057.0 | ||
| 008 | 210210b2003 xxu||||| |||| 00| 0 eng d | ||
| 020 | _a8170335450 | ||
| 040 | _cAL | ||
| 041 | _aeng | ||
| 082 |
_a310/147 _bAHUS |
||
| 100 |
_aRam Ahuja _983595 |
||
| 245 | _aSociety in India: concepts theories and recent trends | ||
| 260 |
_aJaipur _bRawat Publications _c2003 |
||
| 300 |
_axii,504p. _bPB _c21x13cm. |
||
| 365 |
_2Sociology _b185.00 _c₹ _d185.00 |
||
| 650 |
_aSocial Stratification _983596 |
||
| 650 |
_aScheduled Caste _983597 |
||
| 650 |
_aEconomic System _983598 |
||
| 650 |
_aUrban Social Organisation _983599 |
||
| 690 |
_aSociology _983600 |
||
| 700 |
_aAHUJA (Ram) _983601 |
||
| 906 | _aSG04542 | ||
| 942 |
_2ddc _cSG |
||
| 999 |
_c115520 _d115520 |
||